000 00576nam a22001697a 4500
005 20230202074545.0
008 230202b |||||||| |||| 00| 0 eng d
020 _a978-971-9654-47-6
082 _aFil. 650.0721 F634 2016
100 _aFlores, Marivic Francisco.
_eauthor
245 _aMethods of research in business education /
_cMarivic Francisco Flores
260 _aManila:
_bUnlimited Books Library Services and Publishing,
_cc2016
300 _aviii, 232p.
504 _aIncludes bibliographies
541 _e6038
650 _aBusiness education - Research - Methodology
999 _c875
_d875